000 00650nam a2200181 a 4500
001 000025379
005 20200930023739.0
008 110215s1972 ve r 000 0 spa d
040 _aDO-SdBNP
_bspa
_cBNPHU
082 _ann*
_bnn*
100 1 _aBarthes, Roland.
_928183
245 1 0 _aDel mito a la ciencia /
_cRoland Barthes y Lucien Sebag ; presentación y versión al español de Jeannette Abouhamad.
260 _aCaracas :
_bUniversidad Central de Venezuela. Facultas de Ciencias Económicas y Sociales,
_c1972.
300 _a105 p. ;
_c20 cm.
700 1 _aSebag, Lucien.
_951961
700 1 _aAbouhamad, Jeannette,
_etr.
_951962
049 _aBNGR
999 _c24871
_d24871